The food chemistry laboratory : (Record no. 342291)

000 -LEADER
fixed length control field 01442cam a22003134a 4500
001 - CONTROL NUMBER
control field 12977778
003 - CONTROL NUMBER IDENTIFIER
control field NUST
005 - DATE AND TIME OF LATEST TRANSACTION
control field 20171215120728.0
008 - FIXED-LENGTH DATA ELEMENTS--GENERAL INFORMATION
fixed length control field 021023s2003 flua b 001 0 eng
010 ## - LIBRARY OF CONGRESS CONTROL NUMBER
LC control number 2002038797
020 ## - INTERNATIONAL STANDARD BOOK NUMBER
International Standard Book Number 0849312930 (alk. paper)
040 ## - CATALOGING SOURCE
Original cataloging agency DLC
Transcribing agency DLC
Modifying agency DLC
042 ## - AUTHENTICATION CODE
Authentication code pcc
050 00 - LIBRARY OF CONGRESS CALL NUMBER
Classification number TX541
Item number .W43 2003
082 00 - DEWEY DECIMAL CLASSIFICATION NUMBER
Classification number 664.07 CON
Edition number 21
100 1# - MAIN ENTRY--PERSONAL NAME
Personal name Weaver, Connie,
Dates associated with a name 1950-
9 (RLIN) 7360
245 14 - TITLE STATEMENT
Title The food chemistry laboratory :
Remainder of title a manual for experimental foods, dietetics, and food scientists /
Statement of responsibility, etc. Connie Weaver, James Daniel.
250 ## - EDITION STATEMENT
Edition statement 2nd ed.
260 ## - PUBLICATION, DISTRIBUTION, ETC.
Place of publication, distribution, etc. Boca Raton :
Name of publisher, distributor, etc. CRC Press,
Date of publication, distribution, etc. 2003.
300 ## - PHYSICAL DESCRIPTION
Extent 137p. :
Other physical details ill. ;
Dimensions 28 cm.
440 #0 - SERIES STATEMENT/ADDED ENTRY--TITLE
Title CRC series in contemporary food science
9 (RLIN) 7361
500 ## - GENERAL NOTE
General note P.B
504 ## - BIBLIOGRAPHY, ETC. NOTE
Bibliography, etc. note Includes bibliographical references and index.
650 #0 - SUBJECT ADDED ENTRY--TOPICAL TERM
Topical term or geographic name entry element Food
General subdivision Analysis
Form subdivision Laboratory manuals.
9 (RLIN) 7362
650 #0 - SUBJECT ADDED ENTRY--TOPICAL TERM
Topical term or geographic name entry element Food
General subdivision Composition
Form subdivision Laboratory manuals.
9 (RLIN) 7363
700 1# - ADDED ENTRY--PERSONAL NAME
Personal name Daniel, James R.
9 (RLIN) 7364
856 42 - ELECTRONIC LOCATION AND ACCESS
Materials specified Publisher description
Uniform Resource Identifier <a href="http://www.loc.gov/catdir/enhancements/fy0646/2002038797-d.html">http://www.loc.gov/catdir/enhancements/fy0646/2002038797-d.html</a>
906 ## - LOCAL DATA ELEMENT F, LDF (RLIN)
a 7
b cbc
c orignew
d 1
e ocip
f 20
g y-gencatlg
942 ## - ADDED ENTRY ELEMENTS (KOHA)
Source of classification or shelving scheme
Koha item type Book
Call number prefix IESE
Holdings
Withdrawn status Lost status Source of classification or shelving scheme Damaged status Not for loan Collection code Permanent Location Current Location Shelving location Date acquired Total Checkouts Full call number Barcode Date last seen Price effective from Koha item type
            Central Library (CL) Central Library (CL) General Stacks 12/15/2017   664.07 CON IESE-1156 12/15/2017 12/15/2017 Book
© 2023 Central Library, National University of Sciences and Technology. All Rights Reserved.